000 00619cam a22002053a 4500
001 40620
003 PGUSA
005 20140828083916.0
008 120829s2012||||xxu|||||s|||||000 | eng d
040 _aPGUSA
_beng
042 _adc
100 1 _aIreland, Mary E.
_q(Mary Eliza),
_d1834-1927
245 1 0 _aHilda's Mascot :
_bA Tale of "Maryland, My Maryland"
_h[electronic resource] /
_cMary E. Ireland
260 _bProject Gutenberg,
_c2012
506 _aPublic domain in the USA.
516 _aElectronic text
830 0 _aProject Gutenberg
_v40620
856 4 0 _uhttp://www.gutenberg.org/ebooks/40620
942 _cEB
999 _c269873
_d269873